Представление документа в формате RUSMARC

ПолеНазваниеЗначение
  Тип записи a
  Библиографический уровень m
001 Контрольный номер RU/IS/BASE/549475693
005 Дата корректировки 20201206205050.1
010 Индекс ISBN __
a ISBN 978-5-87107-863-1 (в пер.)
d Цена 254-80
100 Данные общей обработки __
a Данные общей обработки 19170530d2014||||||| 0rusy0189 ca
101 Язык документа 0_
a Язык текста rus
102 Страна публикации __
a Страна публикации ru
105 Кодированные данные (монография) __
a Кодированные данные (монография) aсе|||||000zy
200 Заглавие и сведения об ответственности 1_
a Заглавие Федор Осипович Шехтель
f Первые сведения об ответственности [автор текста И. Печенкин]
b Общее обозначение материала Текст
210 Выходные данные __
a Место издания Москва
c Издательство Комсомольская правда
c Издательство Директ-Медиа
d Дата издания 2014
215 Физическое описание __
a Объем 69, [2] с.
c Иллюстрации/тип воспроизводства ил., цв. ил., портр., планы
d Формат 31 см
225 Серия __
a Серия Великие архитекторы
v Обозначение тома т. 3
300 Общие примечания __
a Общие примечания На обл. загл.: Шехтель
330 Аннотация __
a Аннотация Федор Шехтель - выдающийся архитектор XIX - начала XX века, творчество которого занимает особое место в архитектуре Москвы. Без его произведений невозможно представить столицу: Ярославский вокзал, особняки Рябушинского на Малой Никитской и Спиридоновке, здание МХАТ в Камергерском переулке - это далеко не полный список "знаковых" работ Шехтеля. Разносторонняя личность, он помимо строительства занимался оформлением театральных постановок и книжных изданий. Архитектор выполнял заказы богатейших людей своего времени, но к концу жизни ему оставалось лишь констатировать: "Я строил всем Морозовым, Рябушинским, фон Дервизам и остался нищим. Глупо, но я чист!".
517 Другие варианты заглавия __
a Другие варианты заглавия Шехтель
600 Персоналии __
a Персоналии (Фамилия) Шехтель, Ф. О.
c Дополнение к имени архитектор русский
f Даты 1859-1926
g Полное имя Федор Осипович
605 Заглавие как предмет __
a Заглавие Церковь Живоначальной Троицы
605 Заглавие как предмет __
a Заглавие Ярославский вокзал
605 Заглавие как предмет __
a Заглавие Художественный театр
606 Тематические рубрики __
a Основная рубрика Изобразительное искусство и архитектура
606 Тематические рубрики __
a Основная рубрика История архитектуры
z Хронологическая подрубрика 19 в.
z Хронологическая подрубрика 20 в. нач.
y Географическая подрубрика Россия
610 Ключевые слова __
a Ключевые слова архитекторы
a Ключевые слова архитектурные памятники
a Ключевые слова архитектурные проекты
a Ключевые слова архитектурные сооружения
a Ключевые слова архитектурные стили
a Ключевые слова биографии
a Ключевые слова биографическая литература
a Ключевые слова биографические материалы
a Ключевые слова биографические сведения
a Ключевые слова дома
a Ключевые слова здания
a Ключевые слова модерн
a Ключевые слова неоклассицизм
a Ключевые слова особняки
a Ключевые слова персоналии
a Ключевые слова протофункционализм
a Ключевые слова романтический модерн
a Ключевые слова русская архитектура
a Ключевые слова русские архитекторы
a Ключевые слова творчество архитекторов
a Ключевые слова церкви
a Ключевые слова эклектика
686 Индексы других классификаций __
a Классификационный индекс 85.113(2=411.2)53-8
686 Индексы других классификаций __
2 Код системы rubbks
702 Вторичная интеллектуальная ответственность _1
a Фамилия Печенкин
b Имя И.
4 Код отношения Составитель
4 Код отношения 220
801 Источник записи _0
a Страна ru
b Организация Муниципальное бюджетное учреждение культуры "Централизованная библиотечная система" г. Сургут (Центральная городская библиотека им. А. С. Пушкина)
c Дата составления 20170530
g Правила каталогизации КиК/Апакова
801 Источник записи _1
a Страна ru
b Организация Муниципальное бюджетное учреждение культуры "Централизованная библиотечная система" г. Сургут (Центральная городская библиотека им. А. С. Пушкина)
c Дата составления 20170530
g Правила каталогизации КиК/Апакова
852 Данные о местонахождении __
j Шифр хранения 85.113(2=411.2)53-8
i Авторский знак Ш 54
901 Тип документа __
t Тип документа m
903 Характеристики (МАРС) __
a Дата передачи 20170530
990 Данные о заказе (DOS) __
j Количество экземпляров (DOS) 2
t N записи в КСУ для И/У (DOS) 201706